La vie quotidienne des Musulmans au Moyen Age, Xe au XIIIe siècle /
محفوظ في:
المؤلف الرئيسي:
التنسيق: كتاب
اللغة: French
منشور في:
[Paris] :
Hachette,
[c1951].
سلاسل:
Vie quotidienne.
الموضوعات:
الوسوم: إضافة وسم
لا توجد وسوم, كن أول من يضع وسما على هذه التسجيلة!
رقم الطلب: BP163 .M384 1951
| LEADER | 00767nam a2200265I 4500 | ||
|---|---|---|---|
| 001 | 7250 | ||
| 003 | OSt | ||
| 005 | 20250925075310.0 | ||
| 008 | 130303s1951 fr a b 000 0 fre d | ||
| 010 | |a 52025938 | ||
| 035 | |a ocm01063612 | ||
| 040 | |c ARCE Library | ||
| 050 | 4 | |a BP163 .M384 1951 | |
| 100 | 1 | |a Mazahéri, Aly, |e author |9 35650 | |
| 245 | 1 | 3 | |a La vie quotidienne des Musulmans au Moyen Age, Xe au XIIIe siècle / |c Aly Mazahéri. |
| 264 | 1 | |a [Paris] : |b Hachette, |c [c1951]. | |
| 300 | |a 319 pages : |b illustrations ; |c 21 cm. | ||
| 490 | 0 | |a Vie quotidienne. | |
| 504 | |a Includes bibliography. | ||
| 650 | 0 | |a Islam. | |
| 650 | 0 | |a Islamic civilization. | |
| 650 | 0 | |a Muslims |x Social life and customs. | |
| 901 | |a reviewed | ||
| 942 | |c BK |2 lcc | ||
| 999 | |c 9901 |d 9901 | ||
